Billy Elliot /

Đã lưu trong:
Chi tiết về thư mục
Tác giả khác: Daldry, Stephen (Giám đốc), Walters, Julie (Diễn viên), Bell, Jamie (Diễn viên), Cooper, Adam (attore) (Diễn viên), Draven, Jamie (attore) (Diễn viên), Lewis, Gary (attore) (Diễn viên), Hall, Lee (Người viết kịch bản)
Định dạng: Slide
Ngôn ngữ:Tiếng Italy
Tiếng Anh
Tiếng Tây Ban Nha
Được phát hành: [Roma] : Universal Studios, ©2005
Phiên bản:Special ed
Các nhãn: Thêm thẻ
Không có thẻ, Là người đầu tiên thẻ bản ghi này!

MARC

LEADER 00000ngm a22000007i 4500
001 IT\ICCU\UBO\2731809
003 ItRI
005 20260124182856.0
008 050524s2005 it |||||||||||||||k|||||c
028 4 2 |a 823425040 
040 |b ita 
041 7 |a ita  |a eng  |a spa  |2 ISO-639-2 
082 |a 791.43  |9 CINEMA  |2 12 
130 0 |a Billy Elliot <film ; 2000>  |3 IT\ICCU\RAV\1100003 
245 0 0 |a Billy Elliot /  |c diretto da Stephen Daldry ; written by Lee Hall. 
250 |a Special ed 
260 |a [Roma] :  |b Universal Studios,  |c ©2005 
300 |a 1 DVD (ca. 106 min.) :  |b sonoro (Dolby Digital 5.1), color 
500 |a Codice area: 2; sistema e formato video: 1.85:1, enhanced anamorphic 
500 |a Tit. del contenitore 
500 |a Ripr. del film del 2000, prod. Gran Bretagna; interpreti: Julie Walters, Gary Lewis, Jamie Bell, Jamie Draven, Adam Cooper 
500 |a Lingue: italiano, inglese, spagnolo; sottotitoli: inglese, spagnolo, italiano per non udenti 
500 |a Contenuti speciali: making of di "Breaking free": documentario dietro le quinte; scene eliminate coi commenti del regista; colonna sonora: le migliori canzoni del film commentate dal regista. 
700 1 |a Daldry, Stephen  |0 IT\ICCU\RAVV\258098  |4 drt 
700 1 |a Walters, Julie  |0 IT\ICCU\RAVV\258099  |4 act 
700 1 |a Bell, Jamie  |0 IT\ICCU\RAVV\258100  |4 act 
700 1 |a Cooper, Adam  |c  (attore)  |0 IT\ICCU\RAVV\345639  |4 act 
700 1 |a Draven, Jamie  |c  (attore)  |0 IT\ICCU\RAVV\345640  |4 act 
700 1 |a Lewis, Gary  |c  (attore)  |0 IT\ICCU\UBOV\486409  |4 act 
700 1 |a Hall, Lee  |0 IT\ICCU\VEAV\044852  |4 sce 
942 |2 ddc  |c VM  |n 0 
952 |0 0  |1 0  |4 0  |6 VO_1294_000000000000000  |7 0  |9 27374  |a BO  |b BO  |d 2026-01-24  |i 9894  |l 0  |o VO 1294  |p BO9894  |r 2026-01-24 18:28:56  |w 2026-01-24  |x [Sebina 5] [1 DVD]  |y VM  |z 1 DVD 
999 |c 23186  |d 23186